000 004700000a22001690004500
090 _aAR
_b01106
245 1 0 _aTagged fish and microchips
650 1 4 _aMarcaje de individuos
_993707
650 1 4 _aSistemas de identificación
_994337
650 1 4 _aPeces
_992349
650 1 4 _aMicrochips
_994336
651 4 _pAustralia
_992749
041 0 _aInglés
100 1 _aHoffman, Forrest M.
_992960
942 _cARTICULO
773 1 _tAustralian Fisheries
_3407
_h1
_q29-32
_d1994
_g53
999 _c10192
_d10192